| 000 | 01874nam a22002177a 4500 | ||
|---|---|---|---|
| 008 | 231011s2023 xxk|||||o|||| 00| 0 eng d | ||
| 020 | _a9781783215058 | ||
| 041 | _aeng | ||
| 110 | _aRoyal Institution of Chartered Surveyors | ||
| 245 |
_aThe design, delivery and management of healthy buildings: _ba practical guide _h[Electronic resource] |
||
| 250 | _a1st ed. | ||
| 260 |
_aLondon, _bRoyal Institution of Chartered Surveyors, _cOctober 2023 |
||
| 300 | _a53p. | ||
| 490 | _aRICS Practice Information | ||
| 520 | _aHealth and well-being are becoming a key considerations in built environment design and management for every property professional and discipline. At the same time, it is becoming increasingly challenging for surveyors and other built environment professionals to navigate healthy choices around building design decisions, certifications, products and operations, with new regulations and voluntary standards emerging that require detailed guidance and expertise. With well-being also forming an important part of the Social ‘S’ of ESG, surveyors, funders and developers are keen to understand, enhance and measure the ways in which their property portfolios can support human health. This paper is intended as an overview document and ‘one stop shop’ of guidance and key considerations, rather than detailed recommendations and actions for each discipline. | ||
| 651 | _aInternational | ||
| 710 | _aRoyal Institution of Chartered Surveyors | ||
| 856 |
_uhttps://www.rics.org/profession-standards/rics-standards-and-guidance/sector-standards/real-estate-standards/the-design-delivery-management-of-healthy-buildings-1st-edition _zAvailable free on RICS.org |
||
| 856 |
_uhttps://www.isurv.com/downloads/download/2344/the_design_delivery_and_management_of_healthy_buildings _zAvailable on isurv (subscription required) |
||
| 942 | _n0 | ||
| 999 |
_c121676 _d121676 |
||